| 000 | 00657nam a2200229Ia 4500 | ||
|---|---|---|---|
| 003 | GCL | ||
| 008 | 140319s9999 xx 000 0 eng d | ||
| 040 |
_aGCL / _cGCL |
||
| 082 | 0 | 4 |
_a696 _bS M |
| 100 | 1 | _aDA POZZO, PAOLO | |
| 245 | 1 | 0 |
_aMECHANICAL AND ELECTRICAL EQUIPMENT FOR BUILDINGS, 8th EDITION / _cDA POZZO, PAOLO |
| 700 | 1 | _aBACON, LYNN MARIE | |
| 260 |
_a[S.N] : _bMACMILLAN PUBLISHING COMPANY ، _c1992 |
||
| 300 | _a1627 P | ||
| 650 | 0 | 4 | _aBUILDING |
| 650 | 0 | 4 | _aMECHANICS ENGINEERING |
| 650 | 0 | 4 | _aBUILDING CONSTRUCTION |
| 650 | 0 | 4 | _aEQUIPMENTS |
| 650 | 0 | 4 | _aELECTRICAL EQUIPMENTS |
| 650 | 0 | 4 | _aMECHANICS EQUIPMENTS |
| 942 |
_2ddc _cBK |
||
| 999 |
_c15149 _d15149 |
||